5 Seconds of Summer (5SOS) - Sick of Myself - All lyrics - Statistics

General Stats
  • This quiz has been taken 32 times
  • The average score is 159 of 198
Answer Stats
Answer % Correct
else
100%
else,
100%
I
100%
I'm
100%
my,
100%
my
100%
myself
100%
of
100%
Of
100%
sick
100%
so
100%
was,
100%
was
100%
Wish
100%
wish
100%
go!
96%
Go!
96%
somebody
96%
goddamn
92%
a
88%
could
88%
you,
88%
you
88%
to
80%
up
76%
Yeah,
76%
yeah,
76%
yeah
76%
in
72%
next
72%
Nothin'
72%
nothin'
72%
one
72%
Wakin'
72%
felt
68%
shoes
68%
stay
68%
the
68%
best
64%
helps
64%
man,
64%
mile
64%
shell
64%
walk
64%
can't
60%
out
60%
Please,
60%
that
60%
tonight?
60%
tonight
60%
Where
60%
eyes
56%
look
56%
need
56%
who
56%
are
52%
Everything's
52%
sleepin'
52%
there
52%
Till
52%
way
52%
just
48%
driftin'
36%
Hey!
36%
Monday
36%
once
36%
goes
32%
Miss
32%
touch
32%
Clock
28%
Ah,
12%
No matching quizzes found
Score Distribution
Percent of People with Each Score
Percentile by Number Answered
Your Score History
You have not taken this quiz